| 000 | 00533nam a22001817a 4500 | ||
|---|---|---|---|
| 999 |
_c12800 _d12800 |
||
| 008 | 250609b 2023 ||||| |||| 00| 0 eng d | ||
| 020 | _a9789280117509 | ||
| 082 |
_a623.8 _bIMO |
||
| 110 | _aIMO - International Maritime Organization | ||
| 245 | _aNAVTEX manual | ||
| 250 | _a7th | ||
| 260 |
_aLondon _bIMO - International Maritime Organization _c2023 |
||
| 300 | _aiii, 50p. | ||
| 650 | _aNAVTEX message technical characters | ||
| 650 | _aLanguage and national broadcast options | ||
| 650 | _aMessage content | ||
| 942 | _cBK | ||